000 01870cam a22004934i 4500
003 PE-LiUPU
005 20250731173318.0
008 150616s r 000 0 d
020 _a8422007959
035 _a(Sirsi) i9788422007951
040 _aPE-LiUPU
_bspa
_cPE-LiUPU
_erda
049 _aPRUA
082 0 4 _a294.35
_bB57
_221
100 1 _aBlazquez, Niceto,
_eautor.
245 1 3 _aEl aborto :
_bno matarás /
_cpor Niceto Blázquez.
264 1 _aMadrid :
_bEDICA,
_c1977.
300 _a203 páginas ;
_c19 centímetros
336 _atext
_2rdacontent
337 _aunmediated
_2rdamedia
338 _avolume
_2rdacarrier
490 0 _aBiblioteca de Autores Cristianos
505 0 _aSociología y estadística -- La escala jurídica mundial del aborto -- Por qué abortan las mujeres -- Naturaleza del aborto y sus consecuencias -- Inmoralidad del aborto provocado -- Aborto y cristianismo -- El liderazgo de la iglesia en materia de aborto -- Situaciones conflictivas y orientaciones prácticas.
526 _aSEG42
526 _aSEG41
526 _aSEG40
526 _aSEG39
526 _aP94
526 _aP87
526 _aP86
526 _aP85
526 _aP77
526 _aP76
526 _aP35
650 2 4 _aAborto.
650 1 4 _aAborto
_xCristianismo.
650 2 4 _aAborto
_xAspectos psicológicos.
910 _ajck
_bjvq
_cjck
942 _2ddc
_cBOOK
949 _a294.35 B57
_wDEWEY
_c1
_i35004
_d2016-6-23
_e2016-6-21
_lCCODEBUL1
_mBUL
_n4
_r0
_sY
_tBOOK
_u2015-6-16
_xTEOLOGIA
_zUNKNOWN
_0COMPRA
_o.STAFF. Colección General
994 _aC0
_bPEPRU
596 _a1
999 _a294.35 B57
_wDEWEY
_c45879
_i35004
_d45879
_e2018-4-25
_f2021-11-12
_g5
_lCCODEBUL1
_mBUL
_n8
_q1
_r0
_sY
_tBOOK
_u2015-6-16
_xTEOLOGIA
_zUNKNOWN
_0COMPRA
_o.STAFF. Colección General
980 _81
_gALBERTO SANCHEZ Responsable de Automatización